00666nam a2200181Ia 4500003000900000008004100009020002200050040001600072080002200088111004200110245016200152260003400314300002300348650002900371650003100400650002800431700002500459IN-BaIIA211028s9999 xx 000 0 eng d a978-93-81523-14-8 cIIA Library a063:329(540)bPRO aIndian National Congressn1stcBombay 0aProceedings of the Indian National Congressbvol. 1, 1885-1889; proceedings of conference held in Bombay, December 28-30, 1885-1889cedited by Mushirul Hasan aNew DelhibNiyogi Booksc2012 a[various pagings.] aIndian National Congress aOrigine of Indian Congress aResolutions of Congress aHasan, Mushirul, ed.